Pioneers of faith. (Record no. 14145)

000 -LEADER
fixed length control field 01814nam a2200493 a 4500
001 - CONTROL NUMBER
control field :::00011969$&:&@@
003 - CONTROL NUMBER IDENTIFIER
control field OkBaRHE
005 - DATE AND TIME OF LATEST TRANSACTION
control field 20110920204308.0
008 - FIXED-LENGTH DATA ELEMENTS--GENERAL INFORMATION
fixed length control field j 000 0 eng u
040 ## - CATALOGING SOURCE
Transcribing agency
100 1# - MAIN ENTRY--PERSONAL NAME
Personal name Sumrall, Lester.
245 10 - TITLE STATEMENT
Title Pioneers of faith.
260 ## - PUBLICATION, DISTRIBUTION, ETC. (IMPRINT)
Place of publication, distribution, etc Tulsa, Ok., : Harrison House
300 ## - PHYSICAL DESCRIPTION
Extent 194 p.
650 ## - SUBJECT ADDED ENTRY--TOPICAL TERM
Topical term or geographic name as entry element Barratt, Thomas Ball, 1862-1940.
650 ## - SUBJECT ADDED ENTRY--TOPICAL TERM
Topical term or geographic name as entry element Berg, Daniel, 1884-1963.
650 ## - SUBJECT ADDED ENTRY--TOPICAL TERM
Topical term or geographic name as entry element Bosworth, Fred Francis, 1877-1958.
650 ## - SUBJECT ADDED ENTRY--TOPICAL TERM
Topical term or geographic name as entry element Brown, Robert Alexander, 1872-1948.
650 ## - SUBJECT ADDED ENTRY--TOPICAL TERM
Topical term or geographic name as entry element Carter, Alfred Howard, 1891-1971.
650 ## - SUBJECT ADDED ENTRY--TOPICAL TERM
Topical term or geographic name as entry element Dake, Finis Jennings, 1902-1987.
650 ## - SUBJECT ADDED ENTRY--TOPICAL TERM
Topical term or geographic name as entry element Frodsham, Stanley Howard, 1882-1969.
650 ## - SUBJECT ADDED ENTRY--TOPICAL TERM
Topical term or geographic name as entry element Gee, Donald, 1891-1966.
650 ## - SUBJECT ADDED ENTRY--TOPICAL TERM
Topical term or geographic name as entry element Hoover, Willis Collins, 1856-1936.
650 ## - SUBJECT ADDED ENTRY--TOPICAL TERM
Topical term or geographic name as entry element Horton, Harold Lawrence Cuthbert, 1881-1969
650 ## - SUBJECT ADDED ENTRY--TOPICAL TERM
Topical term or geographic name as entry element Jeevaratnam, Lam.
650 ## - SUBJECT ADDED ENTRY--TOPICAL TERM
Topical term or geographic name as entry element Jeffreys, George, 1889-1962.
650 ## - SUBJECT ADDED ENTRY--TOPICAL TERM
Topical term or geographic name as entry element Jeffreys, Stephen, 1876-1943.
650 ## - SUBJECT ADDED ENTRY--TOPICAL TERM
Topical term or geographic name as entry element Montgomery, Carrie Judd, 1858-1946.
650 ## - SUBJECT ADDED ENTRY--TOPICAL TERM
Topical term or geographic name as entry element Nelson, Peter Christopher, 1868-1942.
650 ## - SUBJECT ADDED ENTRY--TOPICAL TERM
Topical term or geographic name as entry element Pentecostalism
650 ## - SUBJECT ADDED ENTRY--TOPICAL TERM
Topical term or geographic name as entry element Pethrus, Petrus Lewi, 1884-1974.
650 ## - SUBJECT ADDED ENTRY--TOPICAL TERM
Topical term or geographic name as entry element Plymire, Victor Guy, 1881-1956.
650 ## - SUBJECT ADDED ENTRY--TOPICAL TERM
Topical term or geographic name as entry element Price, Charles Sydney, 1887-1947.
650 ## - SUBJECT ADDED ENTRY--TOPICAL TERM
Topical term or geographic name as entry element Richey, Raymond Theodore, 1893-1968.
650 ## - SUBJECT ADDED ENTRY--TOPICAL TERM
Topical term or geographic name as entry element Salter, James, 1890-1972.
650 ## - SUBJECT ADDED ENTRY--TOPICAL TERM
Topical term or geographic name as entry element Scott, Douglas R., 1900-1967.
650 ## - SUBJECT ADDED ENTRY--TOPICAL TERM
Topical term or geographic name as entry element Trasher, Lillian Hunt, 1887-1961.
650 ## - SUBJECT ADDED ENTRY--TOPICAL TERM
Topical term or geographic name as entry element Vingren, Adolf, 1879-1933.
650 ## - SUBJECT ADDED ENTRY--TOPICAL TERM
Topical term or geographic name as entry element Ward, Alfred George, 1881-1960.
650 ## - SUBJECT ADDED ENTRY--TOPICAL TERM
Topical term or geographic name as entry element Wigglesworth, Smith, 1859-1947.
650 ## - SUBJECT ADDED ENTRY--TOPICAL TERM
Topical term or geographic name as entry element Yeomans, Lilian Barbara, 1861-1942.
942 ## - ADDED ENTRY ELEMENTS (KOHA)
Source of classification or shelving scheme
Koha item type Books
Copies
Current Location Date last seen Copy number Not for loan Price effective from Source of classification or shelving scheme Date acquired Total Checkouts Full call number Total Renewals Lost status Date checked out Shelving location Damaged status Permanent Location Withdrawn status Barcode Koha item type
RHEMA Bible Training College2020-02-211 2010-04-14 2010-04-1415BX 8762 .Z8S92 2020-02-07General Stacks RHEMA Bible Training College 11969Books